|
|
|
|
| LEADER |
00000nam0a2200000 4500 |
| 001 |
350439 |
| 005 |
20231102010312.0 |
| 035 |
|
|
|a (RuTPU)RU\TPU\retro\4543
|
| 090 |
|
|
|a 350439
|
| 100 |
|
|
|a 20190204d1935 m y0rusy50 ca
|
| 101 |
0 |
|
|a rus
|
| 102 |
|
|
|a RU
|
| 105 |
|
|
|a a z 001by
|
| 200 |
1 |
|
|a Бесприданница
|e материалы к спектаклю
|f А. Н. Островский
|g под ред. С. Л. Безпрозванного ; реж. С. А. Морщихин ; худ. А. Н. Самохвалов
|
| 210 |
|
|
|a Ленинград
|c Издание Гос. Большого драм. театра им. М. Горького
|c Типография "Ленинградская Правда"
|d 1935
|
| 215 |
|
|
|a 36 с.
|c ил.
|
| 300 |
|
|
|a В суперобложке
|
| 300 |
|
|
|a Материалы к спектаклю "Бесприданница в Большом драматическом театре имени М. Горького в постановке режиссера С. А. Морщихина и оформлении художника А. Н. Самохвалова
|
| 316 |
|
|
|5 63413507: 153//635
|a На авантитуле штамп-экслибрис: "Обязательный экземпляр Сиб. Науч. Технич. Библиотеки"
|
| 320 |
|
|
|a Библиогр.: с. 32-33
|
| 320 |
|
|
|a Список произведений: с. 35-36
|
| 600 |
|
1 |
|a Островский
|g Александр Николаевич
|b А. Н.
|c русский драматург
|c член-корреспондент Петербургской АН
|f 1823-1886
|2 stltpush
|3 (RuTPU)RU\TPU\pers\355
|
| 606 |
1 |
|
|a Спектакль
|x Театр
|2 stltpush
|3 (RuTPU)RU\TPU\subj\55752
|9 73727
|
| 610 |
1 |
|
|a театральные декорации
|
| 610 |
1 |
|
|a театральные программы
|
| 610 |
1 |
|
|a театральные художники
|
| 610 |
1 |
|
|a театральные режиссеры
|
| 610 |
1 |
|
|a актеры
|
| 610 |
1 |
|
|a эскизы
|
| 610 |
1 |
|
|a костюмы
|
| 610 |
1 |
|
|a роли
|
| 610 |
1 |
|
|a 19 век
|
| 610 |
1 |
|
|a русская литература
|
| 675 |
|
|
|a 792.028
|v 3
|
| 700 |
|
1 |
|a Островский
|b А. Н.
|c русский драматург
|c член-корреспондент Петербургской АН
|f 1823-1886
|g Александр Николаевич
|2 stltpush
|3 (RuTPU)RU\TPU\pers\355
|9 173
|
| 702 |
|
1 |
|a Безпрозванный
|b С. Л.
|4 340
|
| 702 |
|
1 |
|a Морщихин
|b С. А.
|4 300
|
| 702 |
|
1 |
|a Самохвалов
|b А. Н.
|4 040
|
| 801 |
|
1 |
|a RU
|b 63413507
|c 20190204
|
| 801 |
|
2 |
|a RU
|b 63413507
|c 20190212
|g RCR
|
| 942 |
|
|
|c BK
|